[Event "Santos Paulista Absoluto"]
[Site "Santos"]
[Date "2010.08.22"]
[Round "6"]
[White "Costa, Giovanni de Almeida"]
[Black "Barbosa, Evandro Amorim"]
[Result "0-1"]
[WhiteElo "1918"]
[BlackElo "2382"]
[PlyCount "130"]
[EventDate "2010.08.19"]
[EventType "swiss"]
[EventRounds "7"]
[EventCountry "BRA"]
[SourceTitle "CBM 138 Extra"]
[Source "ChessBase"]
[SourceDate "2010.10.29"]
[SourceVersion "1"]
[SourceVersionDate "2010.10.29"]
[SourceQuality "1"]

1. d4 Nf6 2. Nf3 e6 3. Bg5 d5 4. e3 Be7 5. Bd3 c5 6. c3 Nbd7 7. Nbd2 b6 8. O-O
Bb7 9. Re1 Ne4 10. Bxe7 Qxe7 11. Qc2 f5 12. Bb5 O-O 13. Bxd7 Qxd7 14. Nxe4 fxe4
15. Ne5 Qd6 16. Qa4 Rfd8 17. Rac1 a6 18. b4 c4 19. Qd1 Rf8 20. a4 Rf5 21. Rb1
Raf8 22. Rf1 Qe7 23. a5 b5 24. f4 exf3 25. Rxf3 Qg5 26. Qe2 Bc8 27. Rbf1 Qe7
28. Rxf5 exf5 29. Qf3 Be6 30. h3 Rf6 31. Qf4 h6 32. Nc6 Qd7 33. Ne5 Qe8 34. Rf3
Kh7 35. Qg3 Bf7 36. Qf2 Qe6 37. g4 Bg6 38. Nxg6 Kxg6 39. gxf5+ Rxf5 40. Rg3+
Kh7 41. Qg2 Rg5 42. Qf2 Qxh3 43. Rxg5 hxg5 44. Qe2 Kh6 45. Qf2 Kg6 46. Qe2 Qf5
47. Kg2 g4 48. Kg3 Kg5 49. Qg2 Qf3+ 50. Qxf3 gxf3 51. Kxf3 Kf5 52. e4+ dxe4+
53. Ke3 g5 54. d5 Ke5 55. d6 Kxd6 56. Kxe4 Ke6 57. Kd4 Kf5 58. Kc5 g4 59. Kb6
g3 60. Kxa6 g2 61. Kxb5 g1=Q 62. Kxc4 Ke6 63. Kb5 Kd6 64. c4 Kc7 65. a6 Qb6+
0-1

[Event "Santos Paulista Absoluto"]
[Site "Santos"]
[Date "2010.08.22"]
[Round "7"]
[White "Raimundo, Airton Carlos Nunes"]
[Black "Barbosa, Evandro Amorim"]
[Result "1-0"]
[WhiteElo "2043"]
[BlackElo "2382"]
[PlyCount "53"]
[EventDate "2010.08.19"]
[EventType "swiss"]
[EventRounds "7"]
[EventCountry "BRA"]
[SourceTitle "CBM 138 Extra"]
[Source "ChessBase"]
[SourceDate "2010.10.29"]
[SourceVersion "1"]
[SourceVersionDate "2010.10.29"]
[SourceQuality "1"]

1. d4 Nf6 2. c4 c5 3. e3 cxd4 4. exd4 d5 5. Nc3 e6 6. Nf3 Be7 7. cxd5 Nxd5 8.
g3 O-O 9. Bg2 Nc6 10. O-O Nf6 11. Be3 Nb4 12. Qb3 b6 13. Ne5 Ba6 14. Rfc1 Rc8
15. a3 Nbd5 16. Nxd5 Nxd5 17. Rxc8 Qxc8 18. Rc1 Qa8 19. Bxd5 exd5 20. Qa4 Bb7
21. Qd7 Bd8 22. b4 Bf6 23. Ng4 Bd8 24. Nh6+ gxh6 25. Bxh6 Bf6 26. Bxf8 Qxf8 27.
Qxb7 1-0

[Event "Goiania op"]
[Site "Goiania"]
[Date "2010.09.24"]
[Round "2"]
[White "Barbosa, Evandro Amorim"]
[Black "Meirelles, Alexandre de Paula"]
[Result "1-0"]
[WhiteElo "2393"]
[BlackElo "1911"]
[PlyCount "49"]
[EventDate "2010.09.24"]
[EventType "swiss"]
[EventRounds "6"]
[EventCountry "BRA"]
[SourceTitle "EXT 2012"]
[Source "ChessBase"]
[SourceDate "2011.11.24"]
[SourceVersion "1"]
[SourceVersionDate "2011.11.24"]
[SourceQuality "1"]

1. e4 d6 2. d4 Nf6 3. Nc3 g6 4. f4 Bg7 5. Nf3 O-O 6. e5 dxe5 7. fxe5 Nd5 8. Bc4
Nb6 9. Bb3 a5 10. a4 Nc6 11. O-O Nb4 12. Ng5 e6 13. Nge4 N4d5 14. Nxd5 exd5 15.
Bg5 Qd7 16. Nf6+ Bxf6 17. Bxf6 Qg4 18. Qd2 Qh5 19. c3 Nc4 20. Bxc4 dxc4 21.
Rae1 h6 22. Re3 Ra6 23. Rg3 Kh7 24. Rgf3 Bd7 25. Be7 1-0

[Event "Goiania op"]
[Site "Goiania"]
[Date "2010.09.25"]
[Round "3"]
[White "Rodrigues, Nei Jorge"]
[Black "Barbosa, Evandro Amorim"]
[Result "0-1"]
[WhiteElo "2094"]
[BlackElo "2393"]
[PlyCount "70"]
[EventDate "2010.09.24"]
[EventType "swiss"]
[EventRounds "6"]
[EventCountry "BRA"]
[SourceTitle "EXT 2012"]
[Source "ChessBase"]
[SourceDate "2011.11.24"]
[SourceVersion "1"]
[SourceVersionDate "2011.11.24"]
[SourceQuality "1"]

1. Nf3 Nf6 2. c4 g6 3. g3 Bg7 4. Bg2 O-O 5. O-O d5 6. cxd5 Nxd5 7. Nc3 Nb6 8.
d4 Nc6 9. e3 Re8 10. b3 e5 11. dxe5 Nxe5 12. Nxe5 Bxe5 13. Bb2 c6 14. Qc2 a5
15. Rad1 Qe7 16. Rd2 h5 17. f4 Bg7 18. e4 h4 19. Nd1 Bxb2 20. Nxb2 hxg3 21.
hxg3 a4 22. Qc3 axb3 23. axb3 Bg4 24. Nd3 Red8 25. Rff2 Ra3 26. Nc5 Rda8 27.
Qd4 R3a5 28. b4 Ra3 29. Kh2 Qf8 30. Qf6 Nc4 31. e5 Nxd2 32. Rxd2 Ra2 33. Rxa2
Rxa2 34. Ne4 Bf3 35. Qh4 Rxg2+ 0-1

[Event "Goiania op"]
[Site "Goiania"]
[Date "2010.09.25"]
[Round "4"]
[White "Barbosa, Evandro Amorim"]
[Black "Gazel Pereira, Frederico"]
[Result "1/2-1/2"]
[WhiteElo "2393"]
[BlackElo "2280"]
[PlyCount "121"]
[EventDate "2010.09.24"]
[EventType "swiss"]
[EventRounds "6"]
[EventCountry "BRA"]
[SourceTitle "EXT 2012"]
[Source "ChessBase"]
[SourceDate "2011.11.24"]
[SourceVersion "1"]
[SourceVersionDate "2011.11.24"]
[SourceQuality "1"]

1. Nf3 Nf6 2. c4 e6 3. Nc3 d5 4. d4 Be7 5. Bf4 O-O 6. e3 Nh5 7. Bg3 c6 8. Bd3
g6 9. Qc2 Nd7 10. Rd1 b6 11. O-O Bb7 12. Rfe1 Nxg3 13. hxg3 Nf6 14. Qb3 Qc7 15.
e4 dxe4 16. Nxe4 Rad8 17. Nxf6+ Bxf6 18. Be4 Rd7 19. Re2 Rfd8 20. Red2 Bg7 21.
Qe3 c5 22. dxc5 Rxd2 23. Rxd2 Rxd2 24. Nxd2 Bxb2 25. Bxb7 Qxb7 26. Nb3 bxc5 27.
Qxc5 Qa6 28. Qa5 Qxc4 29. Qxa7 Qc2 30. Kh2 h5 31. Qe3 Qc4 32. Qd2 Be5 33. Kg1
Qe4 34. Qd1 Qc4 35. Qb1 Qe2 36. a4 Bc3 37. Qf1 Qc2 38. Qc4 Qd1+ 39. Kh2 Be1 40.
Qf1 Qxb3 41. Qxe1 Qxa4 42. Qd2 Qg4 43. Kg1 Qe4 44. Qd1 e5 45. Qd8+ Kg7 46. Qd2
h4 47. gxh4 Qxh4 48. Qe2 Qd4 49. Qe1 f5 50. Qc1 f4 51. Qc7+ Kh6 52. Qe7 Qd1+
53. Kh2 Qh5+ 54. Kg1 Qf5 55. Qh4+ Qh5 56. Qe7 Qg5 57. Qf8+ Kh7 58. Qf7+ Kh8 59.
Qf8+ Kh7 60. Qf7+ Kh6 61. Qf8+ 1/2-1/2

[Event "Goiania op"]
[Site "Goiania"]
[Date "2010.09.26"]
[Round "5"]
[White "Molina, Roberto Junio Brito"]
[Black "Barbosa, Evandro Amorim"]
[Result "1-0"]
[WhiteElo "2384"]
[BlackElo "2393"]
[PlyCount "163"]
[EventDate "2010.09.24"]
[EventType "swiss"]
[EventRounds "6"]
[EventCountry "BRA"]
[SourceTitle "EXT 2012"]
[Source "ChessBase"]
[SourceDate "2011.11.24"]
[SourceVersion "1"]
[SourceVersionDate "2011.11.24"]
[SourceQuality "1"]

1. d4 Nf6 2. c4 g6 3. g3 Bg7 4. Bg2 d5 5. cxd5 Nxd5 6. Nf3 O-O 7. O-O Nb6 8.
Nc3 Nc6 9. e3 Re8 10. d5 Na5 11. Nd4 Bd7 12. Nb3 Nxb3 13. axb3 Qc8 14. e4 e6
15. Bf4 exd5 16. exd5 c6 17. Ne4 Rxe4 18. Bxe4 cxd5 19. Rc1 Bc6 20. Bg2 Bxb2
21. Rc2 Bg7 22. Re1 a5 23. Be3 Qd8 24. Bd4 a4 25. Bxg7 Kxg7 26. Qd4+ Kg8 27.
bxa4 Rxa4 28. Qc5 Ra8 29. Rce2 Nd7 30. Qd4 Nf6 31. Re7 Ne4 32. Qe5 Qa5 33. Rf1
Qc3 34. Qf4 Rf8 35. Bxe4 dxe4 36. h4 h5 37. Rd1 Qb3 38. Rc1 Qa3 39. Re5 Qf3 40.
Qxf3 exf3 41. Rc4 Rd8 42. Re1 Kg7 43. g4 hxg4 44. Rxg4 Rd5 45. Kh2 Rf5 46. Kg3
Rd5 47. Rf4 Rd7 48. Rh1 Rd5 49. Rg4 Kf8 50. Ra1 Rd8 51. h5 gxh5 52. Rg5 Ke7 53.
Re1+ Kf6 54. Rxh5 Rg8+ 55. Kf4 Rg6 56. Rf5+ Kg7 57. Re7 Rf6 58. Ke5 Rxf5+ 59.
Kxf5 Bd5 60. Rc7 Bc6 61. Kg5 Bd5 62. Rd7 Bc6 63. Rd6 Be4 64. Kf4 Bc6 65. Kf5
Bb5 66. Ke5 Bc6 67. Rf6 Kf8 68. Kd6 Kg7 69. Ke7 Bd5 70. Rf5 Bc6 71. Rg5+ Kh6
72. Kf6 Kh7 73. Kxf7 Kh6 74. Kf6 Kh7 75. Rg6 Kh8 76. Rg7 Bd5 77. Kg6 Be4+ 78.
Kh6 Bc6 79. Rg3 Bd5 80. Rg5 Bc6 81. Rg6 Ba4 82. Rf6 1-0

[Event "Goiania op"]
[Site "Goiania"]
[Date "2010.09.26"]
[Round "6"]
[White "Barbosa, Evandro Amorim"]
[Black "De Oliveira, Kenner Martins"]
[Result "1-0"]
[WhiteElo "2393"]
[BlackElo "1783"]
[PlyCount "87"]
[EventDate "2010.09.24"]
[EventType "swiss"]
[EventRounds "6"]
[EventCountry "BRA"]
[SourceTitle "EXT 2012"]
[Source "ChessBase"]
[SourceDate "2011.11.24"]
[SourceVersion "1"]
[SourceVersionDate "2011.11.24"]
[SourceQuality "1"]

1. e4 c5 2. Nf3 d6 3. d4 cxd4 4. Nxd4 Nf6 5. Nc3 g6 6. Be3 Bg7 7. f3 O-O 8. Qd2
Nc6 9. Bc4 Bd7 10. O-O-O Rc8 11. Bb3 Ne5 12. Kb1 Nc4 13. Bxc4 Rxc4 14. g4 a6
15. g5 Nh5 16. Nde2 Re8 17. Nd5 Be6 18. Ng3 Bxd5 19. exd5 Qc7 20. Nxh5 gxh5 21.
Rc1 Rc8 22. f4 Qd7 23. Qd3 Rb4 24. c3 Rbc4 25. f5 Be5 26. Rhg1 b5 27. g6 hxg6
28. fxg6 f5 29. Rg5 Rh4 30. Rxf5 Rxh2 31. Bh6 Bf6 32. Qf3 b4 33. Rxh5 Rxb2+ 34.
Kxb2 bxc3+ 35. Kc2 Qa4+ 36. Kd3 Qc4+ 37. Ke3 Bd4+ 38. Kf4 Bg7+ 39. Kg3 Rf8 40.
Rf5 Be5+ 41. Kh3 Rxf5 42. Qxf5 Bf6 43. Qe6+ Kh8 44. g7+ 1-0

[Event "Brazil Xadrez Brasil op"]
[Site "Brazil"]
[Date "2010.11.12"]
[Round "1"]
[White "Sales Filho, Espedito Severiano"]
[Black "Barbosa, Edinardo Meireles"]
[Result "1-0"]
[WhiteElo "2087"]
[BlackElo "1597"]
[PlyCount "89"]
[EventDate "2010.11.12"]
[EventType "swiss"]
[EventRounds "7"]
[EventCountry "BRA"]
[SourceTitle "EXT 2013"]
[Source "ChessBase"]
[SourceDate "2012.11.22"]
[SourceVersion "1"]
[SourceVersionDate "2012.11.22"]
[SourceQuality "1"]

1. Nf3 d5 2. d4 e6 3. Bf4 Bd6 4. Bg3 Bxg3 5. hxg3 Nf6 6. e3 Nc6 7. c3 Bd7 8.
Bd3 Qe7 9. a4 e5 10. dxe5 Nxe5 11. Nxe5 Qxe5 12. Nd2 O-O-O 13. a5 Rde8 14. Nf3
Qe7 15. Qc2 h6 16. b4 g6 17. b5 Ne4 18. Bxe4 Qxe4 19. Qxe4 Rxe4 20. Nd4 h5 21.
Kd2 Rhe8 22. Rab1 b6 23. Ra1 Kb7 24. Ra3 c5 25. bxc6+ Bxc6 26. axb6 axb6 27.
Rha1 Kc7 28. Ra7+ Bb7 29. Nb5+ Kc6 30. Nd6 Kxd6 31. Rxb7 Ke6 32. Rxb6+ Ke7 33.
Ra5 Re5 34. Rb7+ Kf6 35. Raa7 R8e7 36. Rxe7 Rxe7 37. Rxe7 Kxe7 38. Kd3 Kd6 39.
Kd4 f6 40. e4 dxe4 41. Kxe4 Kc5 42. Kd3 Kd5 43. c4+ Kc5 44. Kc3 g5 45. f4 1-0

[Event "Brazil Xadrez Brasil op"]
[Site "Brazil"]
[Date "2010.11.13"]
[Round "2"]
[White "Barbosa, Edinardo Meireles"]
[Black "Mendonca, Lucas Rodrigues"]
[Result "1-0"]
[WhiteElo "1597"]
[BlackElo "1579"]
[PlyCount "81"]
[EventDate "2010.11.12"]
[EventType "swiss"]
[EventRounds "7"]
[EventCountry "BRA"]
[SourceTitle "EXT 2013"]
[Source "ChessBase"]
[SourceDate "2012.11.22"]
[SourceVersion "1"]
[SourceVersionDate "2012.11.22"]
[SourceQuality "1"]

1. e4 e5 2. f4 Nc6 3. Nf3 d6 4. d4 f6 5. d5 Nce7 6. c4 f5 7. Nc3 Nf6 8. Bd3
fxe4 9. Nxe4 Bf5 10. Nxf6+ gxf6 11. Bxf5 Nxf5 12. O-O Qd7 13. fxe5 dxe5 14.
Nxe5 fxe5 15. Qh5+ Kd8 16. Rxf5 e4 17. Rf7 Qe8 18. Bg5+ Kc8 19. Qg4+ Kb8 20.
Rd7 Rg8 21. Rxh7 Qe5 22. Qd7 Bc5+ 23. Kh1 a5 24. Bf6 Qf4 25. Bg7 Bd6 26. Qh3
Ka7 27. Bd4+ b6 28. Qe3 Qf5 29. Rh4 Rae8 30. Re1 Rg4 31. Rxg4 Qxg4 32. Qh3 Qf4
33. g3 Qd2 34. Bc3 e3 35. Bxd2 exd2 36. Rd1 Re1+ 37. Qf1 Rxf1+ 38. Rxf1 Bc5 39.
Kg2 Be3 40. Kf3 Bg5 41. Ke2 1-0

[Event "Brazil Xadrez Brasil op"]
[Site "Brazil"]
[Date "2010.11.13"]
[Round "3"]
[White "Cavalcante, Rodrigo Moreira"]
[Black "Barbosa, Edinardo Meireles"]
[Result "1-0"]
[WhiteElo "1934"]
[BlackElo "1597"]
[PlyCount "41"]
[EventDate "2010.11.12"]
[EventType "swiss"]
[EventRounds "7"]
[EventCountry "BRA"]
[SourceTitle "EXT 2013"]
[Source "ChessBase"]
[SourceDate "2012.11.22"]
[SourceVersion "1"]
[SourceVersionDate "2012.11.22"]
[SourceQuality "1"]

1. e4 e6 2. d4 d5 3. Nc3 Bb4 4. e5 Bxc3+ 5. bxc3 c5 6. Qg4 Kf8 7. Ba3 Ne7 8.
Bxc5 Nbc6 9. Bd3 Qa5 10. Ne2 Kg8 11. f4 Nf5 12. Bxf5 exf5 13. Qf3 Be6 14. O-O
Rc8 15. Rfb1 b6 16. Bd6 Qa6 17. Ng3 h5 18. Nxh5 Na5 19. Nf6+ gxf6 20. Qg3+ Kh7
21. exf6 1-0

[Event "Brazil Xadrez Brasil op"]
[Site "Brazil"]
[Date "2010.11.14"]
[Round "4"]
[White "Barbosa, Edinardo Meireles"]
[Black "Campos, Westerley Batista"]
[Result "1-0"]
[WhiteElo "1597"]
[BlackElo "1735"]
[PlyCount "59"]
[EventDate "2010.11.12"]
[EventType "swiss"]
[EventRounds "7"]
[EventCountry "BRA"]
[SourceTitle "EXT 2013"]
[Source "ChessBase"]
[SourceDate "2012.11.22"]
[SourceVersion "1"]
[SourceVersionDate "2012.11.22"]
[SourceQuality "1"]

1. e4 c5 2. Nf3 d6 3. d4 cxd4 4. Nxd4 Nf6 5. Nc3 Nc6 6. Nb3 a6 7. Bg5 e6 8. Qd2
h6 9. Bh4 Nxe4 10. Nxe4 Qxh4 11. Nxd6+ Bxd6 12. Qxd6 Qe4+ 13. Kd1 Nb4 14. Nd4
e5 15. Qxb4 Qxd4+ 16. Qxd4 exd4 17. Bd3 Be6 18. Re1 O-O-O 19. Kd2 Bd5 20. g3
Rhe8 21. Rxe8 Rxe8 22. Re1 Re6 23. Bf5 Kd7 24. Bxe6+ fxe6 25. Kd3 e5 26. Rxe5
Kd6 27. Kxd4 Bxa2 28. b3 Bb1 29. Re2 a5 30. Kc3 1-0

[Event "Brazil Xadrez Brasil op"]
[Site "Brazil"]
[Date "2010.11.14"]
[Round "5"]
[White "Barbosa, Edinardo Meireles"]
[Black "Martins, Romildo Magalhaes"]
[Result "0-1"]
[WhiteElo "1597"]
[BlackElo "2030"]
[PlyCount "40"]
[EventDate "2010.11.12"]
[EventType "swiss"]
[EventRounds "7"]
[EventCountry "BRA"]
[SourceTitle "EXT 2013"]
[Source "ChessBase"]
[SourceDate "2012.11.22"]
[SourceVersion "1"]
[SourceVersionDate "2012.11.22"]
[SourceQuality "1"]

1. e4 e5 2. f4 Nc6 3. Nf3 f5 4. Nc3 fxe4 5. Nxe4 d5 6. Ng3 e4 7. Ng1 Nf6 8. Bb5
Bc5 9. d4 exd3 10. Qxd3 O-O 11. Bd2 Re8+ 12. Kf1 Ng4 13. Re1 Rxe1+ 14. Bxe1
Ne3+ 15. Ke2 Nxg2 16. Kd2 Be3+ 17. Kc3 d4+ 18. Kb3 Nxe1 19. Qe2 Be6+ 20. Ka4
Qd5 0-1

[Event "Brazil Xadrez Brasil op"]
[Site "Brazil"]
[Date "2010.11.15"]
[Round "6"]
[White "De Paula, Luciano Alves"]
[Black "Barbosa, Edinardo Meireles"]
[Result "1-0"]
[WhiteElo "1718"]
[BlackElo "1597"]
[PlyCount "99"]
[EventDate "2010.11.12"]
[EventType "swiss"]
[EventRounds "7"]
[EventCountry "BRA"]
[SourceTitle "EXT 2013"]
[Source "ChessBase"]
[SourceDate "2012.11.22"]
[SourceVersion "1"]
[SourceVersionDate "2012.11.22"]
[SourceQuality "1"]

1. d4 d5 2. c4 e6 3. Nc3 Nf6 4. Nf3 c6 5. e3 Nbd7 6. Bd3 dxc4 7. Bxc4 b5 8. Bd3
Bb7 9. O-O a6 10. Qe2 c5 11. e4 cxd4 12. Nxd4 Ne5 13. Rd1 Nxd3 14. Rxd3 Qc7 15.
f3 Bc5 16. Be3 O-O 17. Nb3 Bd6 18. h3 Nh5 19. Qd2 Bh2+ 20. Kf1 Rfd8 21. Rd1
Rxd3 22. Qxd3 b4 23. Ne2 Be5 24. Nc5 g6 25. Nxb7 Qxb7 26. Bh6 Qc7 27. b3 a5 28.
Rc1 Qa7 29. Be3 Qe7 30. Rd1 Kg7 31. Bd4 Bxd4 32. Qxd4+ e5 33. Qd6 Qxd6 34. Rxd6
Ra7 35. Rd5 f6 36. g4 Nf4 37. Nxf4 exf4 38. Ke2 Kf7 39. Kd3 Ke6 40. Kc4 Rc7+
41. Rc5 Rxc5+ 42. Kxc5 f5 43. exf5+ gxf5 44. g5 Ke5 45. h4 Ke6 46. Kd4 Kd6 47.
h5 Ke6 48. Kc5 Ke5 49. Kb5 h6 50. g6 1-0

[Event "Brazil Xadrez Brasil op"]
[Site "Brazil"]
[Date "2010.11.15"]
[Round "7"]
[White "Barbosa, Edinardo Meireles"]
[Black "Barbalho, Gislaine Santos"]
[Result "1-0"]
[WhiteElo "1597"]
[BlackElo "1575"]
[PlyCount "97"]
[EventDate "2010.11.12"]
[EventType "swiss"]
[EventRounds "7"]
[EventCountry "BRA"]
[SourceTitle "EXT 2013"]
[Source "ChessBase"]
[SourceDate "2012.11.22"]
[SourceVersion "1"]
[SourceVersionDate "2012.11.22"]
[SourceQuality "1"]

1. e4 c5 2. Nf3 d6 3. d4 cxd4 4. Nxd4 Nf6 5. Nc3 a6 6. Be3 e5 7. Nb3 g6 8. Qd2
Bg7 9. O-O-O O-O 10. Qxd6 Qxd6 11. Rxd6 Be6 12. Nc5 Nbd7 13. Nxe6 fxe6 14. Bc4
Rad8 15. Rxe6 Kh8 16. Rd1 b5 17. Bd3 b4 18. Nd5 a5 19. Ra6 Ra8 20. f3 Nxd5 21.
exd5 Nf6 22. Bg5 Nxd5 23. Rxa8 Rxa8 24. Be4 h6 25. Bxd5 Rc8 26. Be3 a4 27. b3
axb3 28. axb3 g5 29. Bb7 Rb8 30. Rd7 Kg8 31. Bc5 Bf8 32. Bxf8 Kxf8 33. Kd2 Ke8
34. Bc6 Rd8 35. Rxd8+ Kxd8 36. Kd3 Kc7 37. Be4 Kd6 38. Kc4 h5 39. Kxb4 h4 40.
g4 hxg3 41. hxg3 Kc7 42. Kb5 Kd6 43. c4 Ke6 44. c5 Kf6 45. c6 g4 46. fxg4 Kg5
47. c7 Kxg4 48. c8=Q+ Kxg3 49. Qf5 1-0

[Event "Batatais op"]
[Site "Batatais"]
[Date "2010.11.19"]
[Round "2"]
[White "Oliveira, Tiago Lopes"]
[Black "Barbosa, Evandro Amorim"]
[Result "0-1"]
[WhiteElo "1747"]
[BlackElo "2352"]
[PlyCount "56"]
[EventDate "2010.11.19"]
[EventType "swiss"]
[EventRounds "6"]
[EventCountry "BRA"]
[SourceTitle "EXT 2012"]
[Source "ChessBase"]
[SourceDate "2011.11.24"]
[SourceVersion "1"]
[SourceVersionDate "2011.11.24"]
[SourceQuality "1"]

1. e4 c5 2. Nf3 Nc6 3. d4 cxd4 4. Nxd4 e6 5. Nc3 Qc7 6. Be3 a6 7. Nxc6 bxc6 8.
Be2 Rb8 9. Rb1 Nf6 10. f4 Bb4 11. Bf3 d5 12. e5 Nd7 13. O-O O-O 14. Ne2 a5 15.
c3 Be7 16. Re1 c5 17. Qc2 f6 18. exf6 Nxf6 19. Rbd1 Bd6 20. h3 Bb7 21. f5 e5
22. Nc1 e4 23. Be2 Bc6 24. Bf1 Bg3 25. Bf2 Nh5 26. Bxg3 Qxg3 27. Be2 Nf4 28.
Bg4 h5 0-1

[Event "Batatais op"]
[Site "Batatais"]
[Date "2010.11.20"]
[Round "3"]
[White "Barbosa, Evandro Amorim"]
[Black "Brandao, Evandro Alves"]
[Result "1-0"]
[WhiteElo "2352"]
[BlackElo "2027"]
[PlyCount "53"]
[EventDate "2010.11.19"]
[EventType "swiss"]
[EventRounds "6"]
[EventCountry "BRA"]
[SourceTitle "EXT 2012"]
[Source "ChessBase"]
[SourceDate "2011.11.24"]
[SourceVersion "1"]
[SourceVersionDate "2011.11.24"]
[SourceQuality "1"]

1. e4 g6 2. d4 d6 3. Nc3 a6 4. f4 b5 5. Nf3 Bb7 6. Bd3 Nd7 7. O-O c5 8. dxc5
dxc5 9. e5 c4 10. Be4 Qb6+ 11. Kh1 e6 12. Qe1 Nh6 13. Be3 Bc5 14. Bxb7 Qxb7 15.
Rd1 Be7 16. Bf2 Nf5 17. Nd4 Nc5 18. Nxf5 gxf5 19. Bxc5 Rg8 20. Ne4 fxe4 21.
Bxe7 Kxe7 22. Qh4+ Ke8 23. Qxh7 Rg6 24. Rfe1 e3 25. Re2 Qe4 26. Qh3 Qxf4 27.
Qh8+ 1-0

[Event "Mangini Memorial"]
[Site "Rio de Janeiro"]
[Date "2011.04.06"]
[Round "7"]
[White "Barbosa, Evandro Amorim"]
[Black "De Paiva, Pedro Henrique"]
[Result "1-0"]
[WhiteElo "2319"]
[BlackElo "2242"]
[PlyCount "99"]
[EventDate "2011.03.29"]
[EventType "tourn"]
[EventRounds "9"]
[EventCountry "BRA"]
[EventCategory "3"]
[SourceTitle "CBM 141 Extra"]
[Source "ChessBase"]
[SourceDate "2011.05.03"]
[SourceVersion "1"]
[SourceVersionDate "2011.05.03"]
[SourceQuality "1"]

1. d4 d6 2. e4 Nd7 3. Nc3 e5 4. Nf3 Be7 5. Bc4 c6 6. dxe5 dxe5 7. Ng5 Bxg5 8.
Qh5 g6 9. Qxg5 Qxg5 10. Bxg5 Ngf6 11. f3 h6 12. Be3 Nf8 13. a4 Be6 14. Be2 a5
15. Kf2 N8d7 16. Rhf1 Ke7 17. Rfd1 Ne8 18. Rd2 f6 19. Rad1 Rc8 20. Nb1 f5 21.
exf5 gxf5 22. Kf1 Nef6 23. Na3 Nd5 24. Bf2 Rhg8 25. Nc4 Ra8 26. Ne3 N7f6 27.
Nxd5+ Nxd5 28. g3 h5 29. Re1 Nf6 30. Bd3 Nd7 31. Rde2 h4 32. f4 hxg3 33. hxg3
Rh8 34. Re3 Rh1+ 35. Bg1 Rg8 36. c4 e4 37. Be2 Nf6 38. Kg2 Rh6 39. Rb3 Bc8 40.
Rd1 Rhg6 41. Bc5+ Ke8 42. Bb6 Nd7 43. Bh5 Ke7 44. Bxg6 Rxg6 45. Bxa5 Nf6 46.
Bd8+ Kf7 47. Bxf6 Rxf6 48. Rd8 Be6 49. Rxb7+ Kg6 50. b3 1-0

[Event "Mangini Memorial"]
[Site "Rio de Janeiro"]
[Date "2011.04.08"]
[Round "9"]
[White "Barbosa, Evandro Amorim"]
[Black "Di Berardino, Diego Rafael"]
[Result "0-1"]
[WhiteElo "2319"]
[BlackElo "2480"]
[PlyCount "98"]
[EventDate "2011.03.29"]
[EventType "tourn"]
[EventRounds "9"]
[EventCountry "BRA"]
[EventCategory "3"]
[SourceTitle "CBM 141 Extra"]
[Source "ChessBase"]
[SourceDate "2011.05.03"]
[SourceVersion "1"]
[SourceVersionDate "2011.05.03"]
[SourceQuality "1"]

1. e4 e6 2. d4 d5 3. Nc3 Bb4 4. e5 c5 5. a3 Ba5 6. b4 cxd4 7. Qg4 Ne7 8. bxa5
dxc3 9. Qxg7 Rg8 10. Qxh7 Nbc6 11. Nf3 Qc7 12. Bf4 Bd7 13. a6 b6 14. Qd3 Na5
15. Bg3 Nf5 16. Be2 O-O-O 17. O-O d4 18. Rab1 Qc5 19. Rb4 Bc6 20. Rd1 b5 21.
Rdb1 Nc4 22. a4 Nb2 23. R4xb2 cxb2 24. axb5 Bd5 25. Rxb2 Qc3 26. Rb1 Qxd3 27.
Bxd3 Bxf3 28. gxf3 Ne7 29. Rb4 Kc7 30. Kf1 Kb6 31. Bh4 Rge8 32. Bf6 Rd7 33. Be4
Nd5 34. Bxd5 Rxd5 35. h4 Rc8 36. Rb2 Rxb5 37. Ra2 Rbc5 38. h5 Rxc2 39. Ra3 Rc1+
40. Kg2 Rg8+ 41. Kh2 Rgg1 42. Bd8+ Kb5 43. Ra5+ Kb4 44. Ra2 d3 45. h6 Rh1+ 46.
Kg3 Rxh6 47. Kf4 Rhh1 48. Ke3 Rc2 49. Be7+ Kb5 0-1

[Event "BRA-ch U20"]
[Site "Campinas"]
[Date "2011.04.21"]
[Round "2"]
[White "Barbosa, Evandro Amorim"]
[Black "Tomaz, Tainan Pantano"]
[Result "1-0"]
[WhiteElo "2319"]
[BlackElo "1796"]
[PlyCount "102"]
[EventDate "2011.04.21"]
[EventType "swiss"]
[EventRounds "8"]
[EventCountry "BRA"]
[SourceTitle "CBM 142 Extra"]
[Source "ChessBase"]
[SourceDate "2011.06.27"]
[SourceVersion "1"]
[SourceVersionDate "2011.06.27"]
[SourceQuality "1"]

1. d4 Nf6 2. c4 e6 3. Nf3 Bb4+ 4. Nbd2 b6 5. a3 Bxd2+ 6. Qxd2 Bb7 7. e3 O-O 8.
Be2 d6 9. O-O a5 10. b3 Qe7 11. Bb2 Ne4 12. Qc2 Nd7 13. Ne1 Qg5 14. Bc1 Qe7 15.
f3 Nef6 16. e4 e5 17. Bb2 Ne8 18. Qd2 f5 19. exf5 Rxf5 20. Nc2 Qg5 21. Qxg5
Rxg5 22. Bd3 c5 23. Bc1 Rh5 24. d5 e4 25. Bxe4 Ndf6 26. Bd3 Re5 27. Bf4 Re7 28.
a4 Ra7 29. g4 Bc8 30. Na3 Ba6 31. Bf5 Nxd5 32. cxd5 Bxf1 33. Kxf1 Ra8 34. Nc4
Rd8 35. Be6+ Kh8 36. Re1 Rb7 37. h4 h6 38. g5 hxg5 39. hxg5 g6 40. Kg2 Rh7 41.
Re3 Rh4 42. Bg3 Rh5 43. Bg4 Rh7 44. Re6 Nc7 45. Rxd6 Rxd6 46. Bxd6 Ne8 47. Be5+
Kg8 48. d6 Nxd6 49. Nxd6 Re7 50. f4 Kh7 51. Nc4 Re8 1-0

[Event "BRA-ch U20"]
[Site "Campinas"]
[Date "2011.04.22"]
[Round "3"]
[White "Branco, Guilherme Paulino"]
[Black "Barbosa, Evandro Amorim"]
[Result "0-1"]
[WhiteElo "1999"]
[BlackElo "2319"]
[PlyCount "74"]
[EventDate "2011.04.21"]
[EventType "swiss"]
[EventRounds "8"]
[EventCountry "BRA"]
[SourceTitle "CBM 142 Extra"]
[Source "ChessBase"]
[SourceDate "2011.06.27"]
[SourceVersion "1"]
[SourceVersionDate "2011.06.27"]
[SourceQuality "1"]

1. e4 c5 2. c3 Nf6 3. e5 Nd5 4. d4 cxd4 5. Nf3 e6 6. cxd4 d6 7. Nc3 Nxc3 8.
bxc3 Qc7 9. Bd2 Nd7 10. Bd3 dxe5 11. O-O Be7 12. Qe2 O-O 13. dxe5 Nc5 14. Bc2
b6 15. Rfe1 Ba6 16. Qe3 Rad8 17. Nd4 Rd5 18. Qh3 g6 19. Bh6 Rfd8 20. f4 Bc4 21.
Re3 b5 22. Rc1 Rxd4 23. cxd4 Rxd4 24. Rd1 Rxd1+ 25. Bxd1 Bxa2 26. Qf3 Bd5 27.
Qf1 Qb6 28. Kh1 b4 29. f5 exf5 30. Bf3 Be6 31. Re1 b3 32. Be3 a5 33. Qf2 a4 34.
Qb2 Qa5 35. Bd2 Qa7 36. Qd4 a3 37. Bc3 Qa4 0-1